The Theory of Business /

Obra introductoria a la economía como disciplina, centrada en la economía laboral, los sectores productivos y a las operaciones bancarias y financieras.

Salvato in:
Dettagli Bibliografici
Autore principale: Laing, John (autor)
Natura: Libro
Lingua:inglese
Soggetti:
Tags: Aggiungi Tag
Nessun Tag, puoi essere il primo ad aggiungerne!!

MARC

LEADER 00000nam^a2200000^a^4500
001 000182752
005 20250521000000.0
009 20260310102017.46
020 |a 0-7661-8971-6 
037 |a Acervo ITESO - Biblioteca 
041 |a ING 
082 |a 330. 01  |b LAI 
100 |a Laing, John  |e (autor) 
245 1 4 |a The Theory of Business /  |c J. Laing. 
264 |a EUA :  |b Kessinger,  |c fecha no identificada 
300 |a VIII, 239 p. 
336 |a texto  |b txt  |2 rdacontenido 
337 |a sin mediación  |b n  |2 rdamedio 
338 |a volumen  |b nc  |2 rdasoporte 
520 |a Obra introductoria a la economía como disciplina, centrada en la economía laboral, los sectores productivos y a las operaciones bancarias y financieras. 
534 |a Reproducción facsimilar de la edición de 1867, publicada por Longmans, Green and Co. en Londres 
649 |a XX 
650 |a Sueldos y Salarios 
650 |a Industria Manufacturera 
650 |a Agricultura 
650 |a Importaciones 
650 |a Exportaciones 
650 |a Comercio Internacional 
650 |a Comercio 
650 |a Sectores Económicos 
650 |a Producción Económica 
650 |a Utilidad (Economía) 
650 |a Crédito 
650 |a Divisas 
650 |a Dinero 
650 |a Capital 
650 |a Riqueza 
650 |a Distribución del Ingreso 
650 |a Ingresos 
650 |a Descuento Financiero 
650 |a Interés (Economía) 
650 |a Inversiones 
650 |a Documentos Mercantiles 
650 |a Bancos y Operaciones Bancarias 
650 |a Finanzas -  |x Generalidades 
650 |a Economía -  |x Generalidades 
910 |a Fondo General 
920 |a Impresos - Libros 
930 |a Colección General 
905 |a 101 
901 |a 0500122651  |b IT1  |c ACC  |u 20250521 
902 |a https://opac.biblio.iteso.mx/vufind/Record/000182752